Emotion and Persuation in Classical Antiquity

Saved in:  
Bibliographic Details
Main Author: Müller, Barbara 1966- (Author)
Format: Electronic Review
Language:German
Check availability: HBZ Gateway
Interlibrary Loan:Interlibrary Loan for the Fachinformationsdienste (Specialized Information Services in Germany)
Published: 2019
In: Theologische Literaturzeitung
Year: 2019, Volume: 144, Issue: 1, Pages: 41-42
Review of:Emotion and persuasion in classical antiquity (Stuttgart : Franz Steiner Verlag, 2016) (Müller, Barbara)
Further subjects:B Book review
Online Access: Volltext (lizenzpflichtig)

MARC

LEADER 00000caa a22000002c 4500
001 179801338X
003 DE-627
005 20220408162023.0
007 cr uuu---uuuuu
008 220407s2019 xx |||||oo 00| ||ger c
035 |a (DE-627)179801338X 
035 |a (DE-599)KXP179801338X 
040 |a DE-627  |b ger  |c DE-627  |e rda 
041 |a ger 
084 |a 1  |2 ssgn 
100 1 |e VerfasserIn  |0 (DE-588)139350748  |0 (DE-627)610250043  |0 (DE-576)31132875X  |4 aut  |a Müller, Barbara  |d 1966- 
109 |a Müller, Barbara 1966-  |a Müller Graumann, Barbara 1966-  |a Graumann, Barbara 1966- 
245 1 0 |a Emotion and Persuation in Classical Antiquity 
264 1 |c 2019 
336 |a Text  |b txt  |2 rdacontent 
337 |a Computermedien  |b c  |2 rdamedia 
338 |a Online-Ressource  |b cr  |2 rdacarrier 
655 7 |a Rezension  |0 (DE-588)4049712-4  |0 (DE-627)106186019  |0 (DE-576)209083166  |2 gnd-content 
773 0 8 |i Enthalten in  |t Theologische Literaturzeitung  |d Leipzig : Evangelische Verl.-Anst., 1876  |g 144 (2019), Januar, Spalte 41–42  |h Online-Ressource  |w (DE-627)320517764  |w (DE-600)2014174-9  |w (DE-576)094449406  |x 0040-5671  |7 nnas 
773 1 8 |g volume:144  |g year:2019  |g number:1  |g pages:41-42 
787 0 8 |i Rezension von  |t Emotion and persuasion in classical antiquity  |d Stuttgart : Franz Steiner Verlag, 2016  |h 321 Seiten  |w (DE-627)852603525  |w (DE-576)470460148  |z 3515113614  |z 9783515113618 
856 4 0 |u http://www.thlz.com/artikel/20563  |x Verlag  |z lizenzpflichtig  |3 Volltext  |7 1 
935 |a mteo 
951 |a AR 
ELC |a 1 
ITA |a 1  |t 1 
LOK |0 000 xxxxxcx a22 zn 4500 
LOK |0 001 411289502X 
LOK |0 003 DE-627 
LOK |0 004 179801338X 
LOK |0 005 20220407053414 
LOK |0 008 220407||||||||||||||||ger||||||| 
LOK |0 035   |a (DE-Tue135)IxTheo#2022-04-04#869E602817BBCC1A756EAF6889F95135FD4711BA 
LOK |0 040   |a DE-Tue135  |c DE-627  |d DE-Tue135 
LOK |0 092   |o n 
LOK |0 852   |a DE-Tue135 
LOK |0 852 1  |9 00 
LOK |0 935   |a ixzs  |a ixrk  |a zota 
LOK |0 939   |a 07-04-22  |b l01 
OAS |a 1  |b inherited from superior work 
ORI |a SA-MARC-ixtheoa001.raw